[Event "GER-chT U14 Girls"]
[Site "Neumuenster"]
[Date "2018.12.27"]
[Round "1.3"]
[White "Biesdorf, Ina"]
[Black "Ezold, Johanna Sophie"]
[Result "1-0"]
[WhiteElo "1325"]
[BlackElo "994"]
[PlyCount "67"]
[EventDate "2018.12.27"]
[EventType "team-swiss"]
[EventRounds "7"]
[EventCountry "GER"]
[SourceTitle "CBM 188 Extra"]
[Source "ChessBase"]
[SourceDate "2019.02.26"]
[SourceVersion "1"]
[SourceVersionDate "2019.02.26"]
[SourceQuality "1"]
[WhiteTeam "Hofheim"]
[BlackTeam "Leipzig Lindenau"]
[WhiteTeamCountry "GER"]
[BlackTeamCountry "GER"]

1. d4 Nf6 2. Bf4 d6 3. Nc3 Bf5 4. e3 e6 5. Bd3 Bxd3 6. Qxd3 d5 7. Nge2 Nc6 8. 0-0 Be7 9. h3 Qd7 10. Nb5 Bd8 11. c4 0-0 12. Qc3 a6 13. Na3 Be7 14. Nc2 h6 15. Ng3 b6 16. Rad1 Na5 17. c5 Nc6 18. cxb6 cxb6 19. Qb3 b5 20. Ne1 Rfc8 21. Nf3 Na5 22. Ne5 Qb7 23. Qd3 Bd6 24. b3 Rc7 25. f3 Rac8 26. Ng4 Rc2 27. Nxf6+ gxf6 28. Bxd6 R8c3 29. Qxc3 Rxc3 30. Bb4 Rxe3 31. Bxa5 Qb8 32. Nh5 Re2 33. Rd2 Re3 34. Kf2 1-0